NFL Top 100 Players of 2024 - Statistics

General Stats
  • This quiz has been taken 8,010 times
  • The average score is 70 of 100
Answer Stats
Rank Team Position Answer % Correct
2. Ravens QB Lamar Jackson
99%
1. Dolphins WR Tyreek Hill
99%
4. Chiefs QB Patrick Mahomes
98%
12. Bills QB Josh Allen
96%
35. Jaguars LB Josh Hines-Allen
96%
9. Chiefs TE Travis Kelce
96%
15. Eagles QB Jalen Hurts
94%
18. Vikings WR Justin Jefferson
94%
23. Lions WR Amon-Ra St. Brown
93%
13. Cowboys WR CeeDee Lamb
93%
16. Cowboys QB Dak Prescott
93%
14. 49ers TE George Kittle
93%
51. Chargers WR Keenan Allen
93%
5. Browns DE Myles Garrett
93%
21. Eagles WR A.J. Brown
92%
6. Chiefs DT Chris Jones
92%
3. 49ers RB Christian McCaffrey
92%
20. Texans QB C.J. Stroud
92%
54. Commanders DT Jonathan Allen
92%
28. 49ers QB Brock Purdy
91%
8. Steelers LB T.J. Watt
90%
39. Bengals QB Joe Burrow
89%
10. Raiders DE Maxx Crosby
89%
26. Buccaneers WR Mike Evans
89%
7. 49ers OT Trent Williams
89%
19. Ravens LB Roquan Smith
88%
90. Eagles WR DeVonta Smith
87%
45. Bengals WR Ja'Marr Chase
87%
48. Lions QB Jared Goff
87%
34. Packers QB Jordan Love
87%
78. Rams RB Kyren Williams
87%
42. Rams QB Matthew Stafford
87%
37. Jets DT Quinnen Williams
87%
30. 49ers WR Deebo Samuel
86%
93. Vikings S Harrison Smith
86%
17. Cowboys LB Micah Parsons
86%
27. 49ers DE Nick Bosa
86%
32. Jets LB Quincy Williams
86%
56. Bills WR Stefon Diggs
86%
36. Dolphins QB Tua Tagovailoa
86%
40. Raiders WR Davante Adams
85%
95. Seahawks S Julian Love
85%
69. Rams WR Cooper Kupp
84%
49. Titans RB Derrick Henry
84%
24. Giants DT Dexter Lawrence
84%
11. 49ers LB Fred Warner
84%
25. Dolphins CB Jalen Ramsey
83%
33. Rams WR Puka Nacua
83%
94. Jaguars QB Trevor Lawrence
83%
38. Jets CB Sauce Gardner
82%
52. Broncos CB Patrick Surtain II
76%
47. Lions DE Aidan Hutchinson
75%
63. Dolphins WR Jaylen Waddle
75%
75. Chargers QB Justin Herbert
74%
92. Jets QB Aaron Rodgers
73%
66. 49ers WR Brandon Aiyuk
73%
41. Eagles OT Lane Johnson
72%
72. Jets WR Garrett Wilson
71%
81. Vikings QB Kirk Cousins
70%
22. Lions OT Penei Sewell
70%
86. Giants RB Saquon Barkley
70%
84. Seahawks WR DK Metcalf
68%
29. Chargers LB Khalil Mack
67%
80. Lions TE Sam LaPorta
65%
70. Browns WR Amari Cooper
64%
43. Ravens S Kyle Hamilton
63%
60. Dolphins RB Raheem Mostert
62%
97. Commanders WR Terry McLaurin
62%
53. Cowboys OG Zack Martin
58%
31. Cowboys CB DaRon Bland
53%
79. Steelers S Minkah Fitzpatrick
53%
59. Seahawks LB Bobby Wagner
52%
83. Chargers S Derwin James
51%
89. Cardinals S Budda Baker
50%
77. Bengals DE Trey Hendrickson
50%
46. Buccaneers S Antoine Winfield Jr.
49%
44. Saints LB Demario Davis
49%
73. Titans DT Jeffery Simmons
49%
57. Broncos S Justin Simmons
49%
55. Panthers DE Brian Burns
47%
74. Falcons S Jessie Bates
44%
71. Texans OT Laremy Tunsil
43%
85. Buccaneers OT Tristan Wirfs
43%
98. Steelers DT Cameron Heyward
42%
64. Ravens LB Patrick Queen
42%
76. 49ers LB Dre Greenlaw
41%
68. Vikings DE Danielle Hunter
37%
65. Bills S Jordan Poyer
36%
58. Dolphins DT Christian Wilkins
33%
99. Buccaneers LB Lavonte David
32%
91. Seahawks CB Riq Woolen
32%
50. Packers DE Rashan Gary
31%
82. Bears DE Montez Sweat
29%
67. Dolphins OT Terron Armstead
29%
88. Falcons OG Chris Lindstrom
24%
96. Bills OT Dion Dawkins
24%
62. Dolphins LB Bradley Chubb
23%
87. Eagles LB Haason Reddick
18%
61. Ravens DT Justin Madubuike
17%
100. Colts LB Zaire Franklin
15%
No matching quizzes found
Score Distribution
Percent of People with Each Score
Percentile by Number Answered
Your Score History
You have not taken this quiz